Movies Quiz

Random Movies or Disney Quiz
Score 0/25 Timer 05:00
1 Play Today
Movie Song % Correct
AladdinA Whole New World
90.8%
The Little MermaidUnder the Sea
82%
Beauty and the BeastBeauty and the Beast
80.6%
The Lion KingCircle of Life
79.7%
PocahontasColors of the Wind
74.1%
The Lion KingHakuna Matata
70.1%
Beauty and the BeastBe Our Guest
67.9%
Mary PoppinsA Spoonful of Sugar
66.3%
The Little MermaidPart of Your World
64.8%
The Lion KingCan You Feel the Love Tonight?
60.7%
PinocchioWhen You Wish Upon a Star
59.7%
MulanReflection
58.9%
The Lion KingI Just Can't Wait to Be King
57.5%
Movie Song % Correct
The Little MermaidKiss the Girl
53%
TarzanYou'll Be in My Heart
42.4%
Snow White and the Seven DwarfsHeigh Ho
41.3%
Sleeping BeautyOnce Upon a Dream
41.2%
The Jungle BookThe Bare Necessities
39.7%
Beauty and the BeastBelle
35.8%
Mary PoppinsSupercalifragilisticexpialidocious
35.3%
CinderellaA Dream is a Wish Your Heart Makes
32.3%
Snow White and the Seven DwarfsSomeday My Prince Will Come
32.1%
Song of the SouthZip-a-Dee-Doo-Dah
22.9%
Mary PoppinsFeed the Birds (Tuppence a Bag)
21%
Mary PoppinsChim Chim Cher-ee
13.6%
Remove Ads.
Support Sporcle.
Get the best of Sporcle when you Go Orange. This ad-free experience offers more features, more stats, and more fun while also helping to support Sporcle. Thank you for becoming a member.

You're not logged in!

Compare scores with friends on all Sporcle quizzes.
OR
Log In

Show Comments

Extras

Top Quizzes Today


Score Distribution

Your Account Isn't Verified!

In order to create a playlist on Sporcle, you need to verify the email address you used during registration. Go to your Sporcle Settings to finish the process.

Report this User

Report this user for behavior that violates our Community Guidelines.

Details: